Subcategory Multiple Choice: Literature Quiz Stats

 Plays Quiz Updated Aug 31, 2017

Challenge
Share
Tweet
Embed
Score 0/15 Timer 04:00
6 Plays Today
Question Answer Wrong Answers
Author
Who is the author of the political novels '1984' and 'Animal Farm'?
George Orwell
94.7%
F. Scott Fitzgerald
1.2%
Ernest Hemingway
1.1%
Ray Bradbury
1.1%
Literary Character
Which of these characters is from 'To Kill a Mockingbird'?
Atticus Finch
92.7%
Holden Caulfield
3.3%
Jay Gatsby
1.3%
Arthur Dent
1.9%
Shakespeare
'Romeo and Juliet' is considered what type of Shakespearean play?
Tragedy
89.8%
Comedy
1%
History
0.2%
Romance
7.7%
Poem
What Robert Frost poem begins with 'two roads diverged in a yellow wood'?
The Road Not Taken
88.3%
Fire and Ice
3.8%
Birches
3.1%
After Apple-Picking
2.5%
Harry Potter
What house does Draco Malfoy belong to?
Slytherin
88.2%
Hufflepuff
1.8%
Gryffindor
5.6%
Ravenclaw
4.1%
Book
Which of these movies was not based on a book?
Titanic
85%
The Godfather
2.9%
Blade Runner
6.2%
Jurassic Park
4.2%
Play
Which of these plays was written by Arthur Miller?
Death of a Salesman
80.4%
Waiting for Godot
4.3%
The Birthday Party
2.7%
Cat on a Hot Tin Roof
9.8%
A Song of Ice and Fire
What is the name of the first book in the series?
A Game of Thrones
77.6%
A Storm of Swords
6.7%
A Feast for Crows
3.5%
A Clash of Kings
9.3%
Lord of the Rings
What power does the One Ring grant its user?
Invisibility
75.9%
Flying
1.5%
Super strength
9.4%
Mind reading
10.2%
Novel
Which Charles Dickens novel describes the life of Philip Pirrip?
Great Expectations
72.3%
A Tale of Two Cities
17.5%
Oliver Twist
5.7%
A Christmas Carol
2.4%
Children's Books
Who wrote 'The Giving Tree'?
Shel Silverstein
66.1%
Dr. Seuss
7.1%
Eric Carle
7.8%
E.B. White
16.2%
Young Adult
Which YA series includes the characters Thomas, Teresa, and Newt?
The Maze Runner
55.8%
Percy Jackson
17.7%
Divergent
19.3%
The Hunger Games
4.6%
Divergent
Who is the author of the 'Divergent' series?
Veronica Roth
52.3%
James Dashner
9.8%
Suzanne Collins
23.8%
Rick Riordan
11%
Percy Jackson
Percy is the son of which god?
Poseidon
49%
Zeus
31.2%
Apollo
10.5%
Hermes
6.4%
The Hunger Games
Which district are Finnick, Mags, and Annie all from?
4
36.3%
6
19%
3
18.5%
11
25.5%

You're not logged in!

Compare scores with friends on all Sporcle quizzes.
Join for Free
OR
Log In

You Might Also Like...

Show Comments

Extras

Top Quizzes Today


Score Distribution

Your Account Isn't Verified!

In order to create a playlist on Sporcle, you need to verify the email address you used during registration. Go to your Sporcle Settings to finish the process.

Report this User

Report this user for behavior that violates our Community Guidelines.

Details: